IRS management : challenges facing the National Taxpayer Advocate : statement of Cornelia M. Ashby, Associate Director, Tax Policy and Administration Issues, General Government Division, before the Subcommittee on Oversight, Committee on Ways and Means, House of Representatives.

Bibliographic Details
Main Author: Ashby, Cornelia M.
Corporate Author: United States. General Accounting Office
Format: Government Document Microform Book
Language:English
Published: Washington, D.C. (P.O. Box 37050, Washington 20013) : U.S. General Accounting Office, [1999]
Series:Testimony ; GAO/T-GGD-99-28.
Subjects:
Online Access:Adobe Acrobat Reader required

MARC

Tag First Indicator Second Indicator Subfields
LEADER 00000cam a2200000Ia 4500
001 in00000005582
007 he bmb024baca
008 990909s1999 dcu b f000 0 eng d
005 20230331144153.6
035 |a (OCoLC)ocm42453803 
035 |9 AJK5412AM 
035 |a in00000005582 
037 |a 161660  |b GAO (202) 512-6000 (Voice); (202) 512-6061 (Fax); (202) 512-5237 (TDD)  |f paper copy 
040 |a SEN  |c SEN  |d GPO  |d OCLCQ  |d GPO  |d MvI  |d UtOrBLW 
043 |a n-us--- 
049 |a UMIC 
049 |a WWW 
074 |a 0546-D-01 (MF) 
074 |a 0546-D-01 (online) 
086 0 |a GA 1.5/2:T-GGD-99-28 
100 1 |a Ashby, Cornelia M. 
245 1 0 |a IRS management :  |b challenges facing the National Taxpayer Advocate : statement of Cornelia M. Ashby, Associate Director, Tax Policy and Administration Issues, General Government Division, before the Subcommittee on Oversight, Committee on Ways and Means, House of Representatives. 
246 3 0 |a Challenges facing the National Taxpayer Advocate 
264 1 |a Washington, D.C. (P.O. Box 37050, Washington 20013) :  |b U.S. General Accounting Office,  |c [1999] 
300 |a 12 pages ;  |c 28 cm. 
336 |a text  |b txt  |2 rdacontent 
337 |a microform  |b h  |2 rdamedia 
338 |a microfiche  |b he  |2 rdacarrier 
490 1 |a Testimony ;  |v GAO/T-GGD-99-28 
500 |a Shipping list number: 99-0826-M. 
500 |a "February 10, 1999." 
500 |a Shipping List Date: 09/03/99 
530 |a Also available via Internet from the GPO Access web site. Address as of 10/15/2002: http://frwebgate.access.gpo.gov/cgi-bin/getdoc.cgi?dbname=gao&docid=f:gg99028t.pdf; current access is available via PURL. 
533 |a Microfiche.  |b [Washington, D.C.] :  |c U.S. General Accounting Office,  |d [1999]  |e 1 microfiche : negative.  |7 s1999 dcun b 
500 |a Microform. 
610 1 0 |a United States.  |b Internal Revenue Service  |x Management. 
610 1 0 |a United States.  |b Internal Revenue Service.  |b Office of the Taxpayer Advocate  |v Rules and practice. 
610 1 0 |a United States.  |b Internal Revenue Service.  |b Problem Resolution Office  |v Rules and practice. 
650 0 |a Tax administration and procedure  |z United States. 
710 1 |a United States.  |b General Accounting Office. 
830 0 |a Testimony ;  |v GAO/T-GGD-99-28. 
856 4 1 |u https://purl.fdlp.gov/GPO/LPS23215  |z Adobe Acrobat Reader required  |t 0 
999 |a MARS 
999 f f |i f23e1f50-2226-31f2-87c3-bc6ba657576d  |s e40f249c-9b21-3f77-8c65-ef9e29cfc43b  |t 0 
952 f f |p normal  |a Texas A&M University  |b College Station  |c Sterling C. Evans Library  |d Evans: US Documents Microfiche (3rd floor)  |t 0  |e GA 1.5/2:T-GGD-99-28  |h Superintendent of Documents classification  |i microform -- microfiche  |m A14824287370 
952 f f |a Texas A&M University  |b College Station  |c Electronic Resources  |d Available Online  |t 0  |e GA 1.5/2:T-GGD-99-28  |h Superintendent of Documents classification 
998 f f |a GA 1.5/2:T-GGD-99-28  |t 0  |l Available Online 
998 f f |a GA 1.5/2:T-GGD-99-28  |t 0  |l Evans: US Documents Microfiche (3rd floor)